<?xml version="1.0" encoding="UTF-8"?>
<record
    xmlns:xsi="http://www.w3.org/2001/XMLSchema-instance"
    xsi:schemaLocation="http://www.loc.gov/MARC21/slim http://www.loc.gov/standards/marcxml/schema/MARC21slim.xsd"
    xmlns="http://www.loc.gov/MARC21/slim">

  <leader>01085nam a22002657a 4500</leader>
  <controlfield tag="001">76309</controlfield>
  <controlfield tag="003">BD-RjUL</controlfield>
  <controlfield tag="005">20211209082826.0</controlfield>
  <controlfield tag="008">191121s2014    bg  ||||  ||| 00| f ben d</controlfield>
  <datafield tag="020" ind1=" " ind2=" ">
    <subfield code="a">9789848794357</subfield>
  </datafield>
  <datafield tag="035" ind1=" " ind2=" ">
    <subfield code="a">(BD-RjUL)76530)</subfield>
  </datafield>
  <datafield tag="040" ind1=" " ind2=" ">
    <subfield code="a">BD-RjUL</subfield>
    <subfield code="b">eng</subfield>
    <subfield code="c">BD-RjUL</subfield>
  </datafield>
  <datafield tag="041" ind1=" " ind2=" ">
    <subfield code="a">eng</subfield>
  </datafield>
  <datafield tag="082" ind1=" " ind2=" ">
    <subfield code="2">23</subfield>
    <subfield code="a">891.4435</subfield>
    <subfield code="b">TAS 2014</subfield>
  </datafield>
  <datafield tag="100" ind1=" " ind2=" ">
    <subfield code="a">&#x9A0;&#x9BE;&#x995;&#x9C1;&#x9B0;, &#x9B0;&#x9AC;&#x9C0;&#x9A8;&#x9CD;&#x9A6;&#x9CD;&#x9B0;&#x9A8;&#x9BE;&#x9A5; </subfield>
    <subfield code="9">235265</subfield>
  </datafield>
  <datafield tag="245" ind1=" " ind2=" ">
    <subfield code="a">&#x9B6;&#x9C7;&#x9B7;&#x9C7;&#x9B0; &#x995;&#x9AC;&#x9BF;&#x9A4;&#x9BE; /</subfield>
    <subfield code="c">&#x9B0;&#x9AC;&#x9C0;&#x9A8;&#x9CD;&#x9A6;&#x9CD;&#x9B0;&#x9A8;&#x9BE;&#x9A5; &#x9A0;&#x9BE;&#x995;&#x9C1;&#x9B0; ; &#x9AA;&#x9CD;&#x9B0;&#x9B8;&#x999;&#x9CD;&#x997; &#x995;&#x9A5;&#x9BE; &#x9AC;&#x9C7;&#x997;&#x9AE; &#x986;&#x995;&#x9A4;&#x9BE;&#x9B0; &#x995;&#x9BE;&#x9AE;&#x9BE;&#x9B2; </subfield>
  </datafield>
  <datafield tag="250" ind1=" " ind2=" ">
    <subfield code="a">&#x9E8;&#x9AF;&#x9BC; &#x9AA;&#x9CD;&#x9B0;&#x9A4;&#x9C0;&#x995; &#x9B8;&#x982;&#x9B8;&#x9CD;&#x995;&#x9B0;&#x9A3; /&#x9E8;&#x9E6;&#x9E7;&#x9EA;</subfield>
  </datafield>
  <datafield tag="260" ind1=" " ind2=" ">
    <subfield code="a">&#x9A2;&#x9BE;&#x995;&#x9BE; :</subfield>
    <subfield code="b">&#x995;&#x9A5;&#x9BE;&#x9AA;&#x9CD;&#x9B0;&#x995;&#x9BE;&#x9B6;,</subfield>
    <subfield code="c">&#x9E8;&#x9E6;&#x9E7;&#x9EA;</subfield>
  </datafield>
  <datafield tag="300" ind1=" " ind2=" ">
    <subfield code="a">&#x9E7;&#x9EA;&#x9ED; &#x9AA;&#x9C3;. ;</subfield>
    <subfield code="c">&#x9E8;&#x9E8; &#x9B8;&#x9C7;&#x9AE;&#x9BF;.</subfield>
  </datafield>
  <datafield tag="504" ind1=" " ind2=" ">
    <subfield code="a">&#x9AC;&#x9BF;&#x9AC;&#x9B2;&#x9BF;&#x993;&#x997;&#x9CD;&#x9B0;&#x9BE;&#x9AB;&#x9BF; &#x985;&#x9A8;&#x9CD;&#x9A4;&#x9B0;&#x9CD;&#x9AD;&#x9C2;&#x995;&#x9CD;&#x9A4;</subfield>
  </datafield>
  <datafield tag="600" ind1=" " ind2=" ">
    <subfield code="a">Tagore, Rabindranath, </subfield>
    <subfield code="d">1861-1941</subfield>
    <subfield code="9">235325</subfield>
  </datafield>
  <datafield tag="650" ind1=" " ind2=" ">
    <subfield code="a">Bengali fiction</subfield>
    <subfield code="9">235267</subfield>
  </datafield>
  <datafield tag="700" ind1=" " ind2=" ">
    <subfield code="a">&#x995;&#x9BE;&#x9AE;&#x9BE;&#x9B2;, &#x9AC;&#x9C7;&#x997;&#x9AE; &#x986;&#x995;&#x9A4;&#x9BE;&#x9B0; </subfield>
    <subfield code="9">235326</subfield>
  </datafield>
  <datafield tag="942" ind1=" " ind2=" ">
    <subfield code="2">ddc</subfield>
    <subfield code="c">BK</subfield>
  </datafield>
  <datafield tag="999" ind1=" " ind2=" ">
    <subfield code="c">76309</subfield>
    <subfield code="d">76309</subfield>
  </datafield>
  <datafield tag="952" ind1=" " ind2=" ">
    <subfield code="0">0</subfield>
    <subfield code="1">0</subfield>
    <subfield code="2">ddc</subfield>
    <subfield code="4">0</subfield>
    <subfield code="7">1</subfield>
    <subfield code="a">RUCL</subfield>
    <subfield code="b">RUCL</subfield>
    <subfield code="c">Reading</subfield>
    <subfield code="d">2019-10-30</subfield>
    <subfield code="e">Vidyasagar, Rajshahi</subfield>
    <subfield code="g">160.00</subfield>
    <subfield code="l">0</subfield>
    <subfield code="o">B 891.4435 TAS 2014</subfield>
    <subfield code="r">2019-11-21 00:00:00</subfield>
    <subfield code="t">C-1</subfield>
    <subfield code="w">2021-12-09</subfield>
    <subfield code="y">BK</subfield>
  </datafield>
  <datafield tag="952" ind1=" " ind2=" ">
    <subfield code="0">0</subfield>
    <subfield code="1">0</subfield>
    <subfield code="2">ddc</subfield>
    <subfield code="4">0</subfield>
    <subfield code="7">0</subfield>
    <subfield code="a">RUCL</subfield>
    <subfield code="b">RUCL</subfield>
    <subfield code="c">Stack</subfield>
    <subfield code="d">2019-10-30</subfield>
    <subfield code="e">Vidyasagar, Rajshahi</subfield>
    <subfield code="g">160.00</subfield>
    <subfield code="l">13</subfield>
    <subfield code="o">B 891.4435 TAS 2014</subfield>
    <subfield code="r">2024-10-06 00:00:00</subfield>
    <subfield code="s">2024-09-19</subfield>
    <subfield code="t">C-2</subfield>
    <subfield code="w">2021-12-09</subfield>
    <subfield code="y">BK</subfield>
  </datafield>
  <datafield tag="952" ind1=" " ind2=" ">
    <subfield code="0">0</subfield>
    <subfield code="1">0</subfield>
    <subfield code="2">ddc</subfield>
    <subfield code="4">0</subfield>
    <subfield code="7">0</subfield>
    <subfield code="a">RUCL</subfield>
    <subfield code="b">RUCL</subfield>
    <subfield code="c">Stack</subfield>
    <subfield code="d">2019-10-30</subfield>
    <subfield code="e">Vidyasagar, Rajshahi</subfield>
    <subfield code="g">160.00</subfield>
    <subfield code="l">9</subfield>
    <subfield code="o">B 891.4435 TAS 2014</subfield>
    <subfield code="r">2023-10-18 00:00:00</subfield>
    <subfield code="s">2023-10-05</subfield>
    <subfield code="t">C-3</subfield>
    <subfield code="w">2021-12-09</subfield>
    <subfield code="y">BK</subfield>
  </datafield>
</record>
